000 00517nam a2200169Ia 4500
008 140609s9999 xx 000 0 und d
020 _a9789719924821
050 _aLB 1025.3
_b.G34 2012
100 _aGacelo, Ester Paunlagui.
245 _aPrinciples of teaching 1 /
_cEster Paunlagui-Gacelo
260 _aQuezon City, Philippines :
_bC & E Publishing,
_cc2012.
300 _a126 p. ;
_c22 cm.
500 _aIncludes index and bibliographical references.
521 _aGE
942 _kLOC
_cBK
999 _c117892
_d117892